Driving / (Record no. 165547)
[ view plain ]
| 000 -LEADER | |
|---|---|
| campo de control de longitud fija | 01007nam a22002535i 4500 |
| 001 - NÚMERO DE CONTROL | |
| campo de control | 165547 |
| 003 - IDENTIFICADOR DE NÚMERO DE CONTROL | |
| campo de control | ES-MaACL |
| 005 - FECHA Y HORA DE LA ÚLTIMA TRANSACCIÓN | |
| campo de control | 20230906213147.0 |
| 008 - DATOS DE LONGITUD FIJA--INFORMACIÓN GENERAL | |
| campo de control de longitud fija | 040812s1889 xxka |||| | eng d |
| 040 ## - FUENTE DE CATALOGACIÓN | |
| Centro catalogador/agencia de origen | CAM |
| Lengua de catalogación | spa |
| Centro/agencia transcriptor | CAM |
| 100 1# - ENTRADA PRINCIPAL--NOMBRE DE PERSONA | |
| Nombre de persona | Somerset, Henry Charles Fitzroy |
| Títulos y otros términos asociados al nombre | Duke of Beaufort. |
| 9 (RLIN) | 132812 |
| 245 10 - MENCIÓN DEL TÍTULO | |
| Título | Driving / |
| Mención de responsabilidad, etc. | by his grace the Duke of Beaufort; with contributions by other authorities; ilustrated by G.D. Giles and John Sturgess. |
| 250 ## - MENCION DE EDICION | |
| Mención de edición | 2nd ed. |
| 260 ## - PUBLICACIÓN, DISTRIBUCIÓN, ETC. | |
| Lugar de publicación, distribución, etc. | London : |
| Nombre del editor, distribuidor, etc. | Longmans, Green and co., |
| Fecha de publicación, distribución, etc. | 1889 ( |
| Fabricante | Spottiswoode and co.) |
| 300 ## - DESCRIPCIÓN FÍSICA | |
| Extensión | XVI,426 p., [12] h. de lám. : |
| Otras características físicas | il. ; |
| Dimensiones | 19 cm. |
| 490 1# - MENCIÓN DE SERIE | |
| Mención de serie | The badminton library of sports and pastimes |
| 650 #4 - PUNTO DE ACCESO ADICIONAL DE MATERIA--TÉRMINO DE MATERIA | |
| Término de materia o nombre geográfico como elemento de entrada | Equitación. |
| 9 (RLIN) | 136007 |
| 700 11 - ENTRADA AGREGADA--NOMBRE PERSONAL | |
| Nombre de persona | Giles, Godfrey Douglas, |
| Término indicativo de función/relación | |
| 9 (RLIN) | 127316 |
| 700 11 - ENTRADA AGREGADA--NOMBRE PERSONAL | |
| Nombre de persona | Sturgess, John, |
| Término indicativo de función/relación | |
| 9 (RLIN) | 132933 |
| 752 ## - ENTRADA AGREGADA--NOMBRE JERÁRQUICO DEL LUGAR | |
| País o entidad superior | Gran Bretaña - |
| Ciudad | Londres |
| 830 0# - PUNTO DE ACCESO ADICIONAL DE SERIE-TÍTULO UNIFORME | |
| Título uniforme | The badminton library of sports and pastimes |
| 9 (RLIN) | 188554 |
| 852 ## - LOCALIZACIÓN | |
| Ubicación | ES-MaACL |
| Número de control de estantería | G-12086 |
| Nota libre | -- Enc. editorial en tela |
| Estatus retirado | Estado de pérdida | Estado de daño | No para préstamo | Colección | Biblioteca de origen | Biblioteca actual | Ubicación en estantería | Fecha de adquisición | Fuente de adquisición | Total de préstamos | Signatura topográfica completa | Código de barras | Visto por última vez | Precio de reemplazo | Tipo de ítem Koha |
|---|---|---|---|---|---|---|---|---|---|---|---|---|---|---|---|
| Libros del s. XIX | Biblioteca del Ateneo de Madrid | Biblioteca del Ateneo de Madrid | Sala Pecera Planta 3 | 17/01/2008 | G-12086 | 1173607 | 23/02/2023 | 23/02/2023 | Libro impreso antiguo |
